Miasta, które są w dolinie rzeki Murray - Statystyki

Ogólne statystyki
  • Ten quiz został rozwiązany 2 razy
  • Średni wynik to 2 z 7
Statystyki odpowiedzi
Stan, w którym znajduję się miasto Miasto % Poprawnych
Nowa Południowa Walia Albury
100%
Wiktoria Wodonga
50%
Wiktoria Echuca
0%
Wiktoria Mildura
0%
Australia Południowa Murray Bridge
0%
Australia Południowa Renmark
0%
Wiktoria Swan Hill
0%
Nie znaleziono quizów pasujących do podanych kryteriów
Rozkład punktacji
Procent ludzi z każdym wynikiem
Percentyl według liczby udzielonych odpowiedzi
Twoja historia wyników
Nie rozwiązałeś tego quizu